| 000 | 01060nam0a2200277 4500 | ||
|---|---|---|---|
| 001 | RU\NLR\ONL1\7281 | ||
| 005 | 20250613115505.0 | ||
| 035 | _a(NLR Aleph) 009636032 | ||
| 090 |
_a9524198 _c9524198 |
||
| 100 | _a20051215d1997 |||y0rusy50 ca | ||
| 101 | 0 | _audm | |
| 102 | _aRU | ||
| 105 | _ay ||||||||| | ||
| 200 | 9 |
_aРусско-удмуртский разговорник _fБ. И. Каракулов _gМ-во общ. и проф. образования Рос. Федерации. Глаз. гос. пед. ин-т им. В. Г. Короленко |
|
| 210 |
_aГлазов _cГлазов. гос. пед. ин-т _d1997 |
||
| 215 |
_a59 с. _d18 |
||
| 606 | 0 |
_aРусско-удмуртские разговорники _92175831 _3RU\NLR\auth-onl\66270 |
|
| 686 | 1 | _aШ141.2-933.1 | |
| 686 | 1 | _aШ166.41-933.1 | |
| 700 | 1 |
_aКаракулов _bБ. И. _gБорис Иванович _4070 |
|
| 801 | 0 |
_aRU _bNLR _c20051215 _gPSBO |
|
| 852 |
_aNLR _bОНЛ _jУдмур./2-1653 |
||
| 942 | _cBOOK | ||
| 980 | _aNB | ||